header

Preventing identity theft in your business (Record no. 105725)

MARC details
000 -LEADER
fixed length control field 02268nam a22003134a 4500
082 04 - DEWEY DECIMAL CLASSIFICATION NUMBER
Classification number 658.4/72
100 1# - MAIN ENTRY--AUTHOR NAME
Personal name Collins, Judith M.
245 10 - TITLE STATEMENT
Title Preventing identity theft in your business
260 ## - PUBLICATION, DISTRIBUTION, ETC. (IMPRINT)
Place of publication Hoboken, N.J. :
Name of publisher Wiley,
Year of publication c2005.
300 ## - PHYSICAL DESCRIPTION
Number of Pages x, 245 p.
505 0# - FORMATTED CONTENTS NOTE
Formatted contents note What is an "identity"? -- Identity theft: effects on victims -- Identity crime is entrenched -- Identity crimes are escalating -- Legal requirements for business -- Caveat lector. let the reader beware -- Your business identities -- Tighten your business borders -- Securing the people front: the security job analysis -- The people front: recruitment for security -- The people front: personnel selection for security -- The people front: select for motivation -- The people front: select for integrity and security -- The people front: select for interpersonal skills -- Socialization, company culture, and the realistic job preview -- The security orientation program: socializing newcomers to the honest company culture -- The people front: appraisal and feedback for performance and security -- The process front: secure business information processes -- The property front: the e-business web site -- The customer security program -- E-commerce "best practices" for customers -- The legislative process -- HIPAA: security for health care companies.
650 #0 - SUBJECT ADDED ENTRY--TOPICAL TERM
Topical Term Identity theft
856 40 - ELECTRONIC LOCATION AND ACCESS
Uniform Resource Identifier http://site.ebrary.com/lib/rucke/Doc?id=10114184

No items available.

© 2026 Rongo University
Contact us: librarian | system librarian | Rongo university